000 00900nac a22002777a 4500
001 BR7500886
003 BR-BrBNA
005 20241010111843.0
008 230509b bl.|||m| |||| 00| 0 por d
040 _aBR-BrBNA
_bpor
072 _aC00; E30
090 _aC00
_bBR7500886
110 1 _aAssociação Nordestina de Crédito e Assistência Rural do Rio Grande do Norte
_9712
245 1 _aRelatório de atividade - 1975 /
260 3 _aNatal, RN (Brasil):
_c1975.
300 _a34 p.
490 _aRelatório - Associação Nordestina de Credito e Assistência Rural do Rio Grande do Norte (Brazil)
500 _a24 tables
650 _aExtensão rural
650 _aDesenvolvimento agrícola
650 _aAssistência técnica
650 _aProjeto agrícola
650 _aRio Grande do Norte
909 _a10/2024
_bSARAH
942 _cMS
999 _c265895
_d265895